American Sports Leagues by Map - Statistics

General Stats
  • This quiz has been taken 143 times
  • The average score is 5 of 8
Answer Stats
Picture Answer % Correct
National Basketball Association
99%
National Hockey League
99%
National Football League
86%
Major League Baseball
78%
Major League Soccer
78%
Women's National Basketball Association
48%
National Women's Soccer League
15%
Major League Rugby
6%
No matching quizzes found
Score Distribution
Percent of People with Each Score
Percentile by Number Answered
Your Score History
You have not taken this quiz